Buffalo Sabres All Time Point Leaders - Statistics

General Stats
  • This quiz has been taken 18 times
  • The average score is 8 of 15
Answer Stats
Hint Answer % Correct
1326 Gilbert Perreault
88%
385 Pat Lafontaine
88%
695 Rick Martin
71%
521 Jason Pominville
59%
444 Alexander Mogilny
53%
804 Dave Andreychuk
53%
558 Phil Housley
53%
552 Rene Robert
53%
497 Thomas Vanek
53%
456 Miroslav Satan
47%
500 Danny Gare
35%
427 Derek Roy
35%
672 Craig Ramsay
29%
526 Don Luce
24%
511 Mike Foligno
24%
No matching quizzes found
Score Distribution
Percent of People with Each Score
Percentile by Number Answered
Your Score History
You have not taken this quiz